معجم المصلحات السياسية / (رقم التسجيلة. 179507)
[ عرض عادي ]
| 000 -LEADER | |
|---|---|
| fixed length control field | 01454namaa2200349 i 4500 |
| 003 - CONTROL NUMBER IDENTIFIER | |
| control field | EG-GICUC |
| 005 - DATE AND TIME OF LATEST TRANSACTION | |
| control field | 20260415134456.0 |
| 008 - FIXED-LENGTH DATA ELEMENTS--GENERAL INFORMATION | |
| fixed length control field | 260415s1994 ua |||jrd||| 000 0 ara d |
| 017 ## - COPYRIGHT OR LEGAL DEPOSIT NUMBER | |
| Copyright or legal deposit number | 1994 / 10781 |
| Assigning agency | دار الكتب والوثائق القومية (مصر) |
| 020 ## - INTERNATIONAL STANDARD BOOK NUMBER | |
| International Standard Book Number | 9772232022 |
| 040 ## - CATALOGING SOURCE | |
| Original cataloging agency | EG-GiCUC |
| Language of cataloging | ara |
| Transcribing agency | EG-GiCUC |
| Modifying agency | EG-GiCUC |
| Description conventions | rda |
| 082 04 - DEWEY DECIMAL CLASSIFICATION NUMBER | |
| Edition number | 21 |
| Classification number | 320.03 |
| Item number | M9535 |
| 092 04 - LOCALLY ASSIGNED DEWEY CALL NUMBER (OCLC) | |
| Edition number | 21 |
| Classification number | 320.03 |
| Item number | M9535 |
| 099 ## - LOCAL FREE-TEXT CALL NUMBER (OCLC) | |
| Classification number | 320.03 M9535 1994 |
| 100 1# - MAIN ENTRY--PERSONAL NAME | |
| Relator term | مؤلف. |
| 245 ## - TITLE STATEMENT | |
| Title | معجم المصلحات السياسية / |
| Statement of responsibility, etc. | اشراف على الدين هلال، احمد الرشيدى [وآخ...] ؛ تحرير وتقديم نيفين مسعد. |
| 250 ## - EDITION STATEMENT | |
| Edition statement | الطبعة الاولى |
| 264 ## - PRODUCTION, PUBLICATION, DISTRIBUTION, MANUFACTURE, AND COPYRIGHT NOTICE | |
| Place of production, publication, distribution, manufacture | [القاهرة (مصر)] : |
| Name of producer, publisher, distributor, manufacturer | جامعة القاهرة، كلية الاقتصاد والعلوم السياسية، مركز البحوث والدراسات السياسية، |
| Date of production, publication, distribution, manufacture, or copyright notice | 1994. |
| 300 ## - PHYSICAL DESCRIPTION | |
| Extent | 384 صفحة ؛ |
| Dimensions | 27 سم |
| 336 ## - CONTENT TYPE | |
| Source | rdacontent |
| Content type term | text |
| 337 ## - MEDIA TYPE | |
| Source | rdamedia |
| Media type term | Unmediated |
| 338 ## - CARRIER TYPE | |
| Source | rdacarrier |
| Carrier type term | volume |
| 504 ## - BIBLIOGRAPHY, ETC. NOTE | |
| Bibliography, etc. note | . |
| 541 ## - IMMEDIATE SOURCE OF ACQUISITION NOTE | |
| Source of acquisition | وزارة الثقافة ؛ |
| Address | القاهرة ؛ |
| Method of acquisition | إهداء ؛ |
| Date of acquisition | 2023. |
| 650 17 - SUBJECT ADDED ENTRY--TOPICAL TERM | |
| Topical term or geographic name entry element | العلوم السياسية |
| Form subdivision | معاجم وقواميس |
| Source of heading or term | qrmak |
| 651 1# - SUBJECT ADDED ENTRY--GEOGRAPHIC NAME | |
| Source of heading or term | qrmak |
| 700 1# - ADDED ENTRY--PERSONAL NAME | |
| Personal name | ابوزيد، علا |
| Relator term | مشرف. |
| 700 1# - ADDED ENTRY--PERSONAL NAME | |
| Personal name | المنوفى، كمال |
| Relator term | مشرف. |
| 700 1# - ADDED ENTRY--PERSONAL NAME | |
| Personal name | مسعد، نيفين |
| Relator term | محرر. |
| -- | مقدم. |
| 905 ## - Cataloger and Reviser Names | |
| Cataloger Name | Aya Mohamed |
| 942 ## - ADDED ENTRY ELEMENTS (KOHA) | |
| Source of classification or shelving scheme | Dewey Decimal Classification |
| Koha item type | Books |
| Edition | 21 |
| Suppress in OPAC | No |
لا توجد مواد متاحة.